| 000 | 01310nam a2200313 c 4500 | ||
|---|---|---|---|
| 003 | BLK | ||
| 005 | 20180422115605.0 | ||
| 008 | 180411b bul|||||r ||||||| ||bul|| | ||
| 010 | _aKNG00197378000 | ||
| 040 | _aBLK | ||
| 041 |
_aBUL _cBUL |
||
| 080 |
_a?Швейцарска литература _b830(494) _x-32 _z830(494)-32 |
||
| 100 | 1 |
_aТьопфер, Родолф _eпърви автор _9131969 |
|
| 700 | 1 |
_aКазанджиева, Магдалена _eпрев. от фр. _9252620 |
|
| 700 | 1 |
_aМанчева, Дина _eс предг. от _9384584 |
|
| 139 |
_aТьопфер, Родолф _bТ 97 |
||
| 245 | 1 | 0 |
_aБиблиотеката на моя чичо _bНовели _cРодолф Тьопфер; прев. от фр. Магдалена Казанджиева; с предг. от Дина Манчева. |
| 257 | _aSWI | ||
| 260 |
_аСофия _bПрофиздат _c1987 _fВраца : В. Александров |
||
| 300 |
_a148 с. _c17 см |
||
| 380 | _aX | ||
| 490 | 1 | _aБиблиотека Факел | |
| 500 | _aОриг. загл. Nouvelles genevioses / Rodolphe Toepffer. - 3 300 тир. | ||
| 852 | _aЦб 146603 | ||
| 856 | 4 |
_qpdf _u |
|
| 856 | 4 |
_qpdf _u |
|
| 942 |
_cKNG _n0 |
||
| 944 |
_aCR _c05.12.2016 _kСевдалина_Василева |
||
| 944 |
_aED _c05.12.2016 _kСевдалина_Василева |
||
| 999 |
_c188360 _d188360 |
||